The rottenest angel / (Record no. 21656)
[ view plain ]
| 000 -LEADER | |
|---|---|
| fixed length control field | 04453nam a22005657a 4500 |
| 005 - DATE AND TIME OF LATEST TRANSACTION | |
| control field | 20090120140859.0 |
| 008 - FIXED-LENGTH DATA ELEMENTS--GENERAL INFORMATION | |
| fixed length control field | 090120t xxu||||| |||| 00| 0 eng d |
| 010 ## - LCCN (DPL NO) | |
| LC control number | B-358999 |
| 020 ## - INTERNATIONAL STANDARD BOOK NUMBER | |
| International Standard Book Number | 0060788275 |
| Terms of availability | 250.00, 179.00 |
| 020 ## - INTERNATIONAL STANDARD BOOK NUMBER | |
| International Standard Book Number | 9780060788278 |
| Terms of availability | 250.00, 179.00 |
| 035 ## - SYSTEM CONTROL NUMBER | |
| System control number | B-358999 |
| 035 ## - SYSTEM CONTROL NUMBER | |
| System control number | B-336017-030 |
| 037 ## - SOURCE OF ACQUISITION | |
| Source of stock number/acquisition | Blue Berry |
| 040 ## - CATALOGING SOURCE | |
| Original cataloging agency | dpl |
| Language of cataloging | English |
| 082 ## - DEWEY DECIMAL CLASSIFICATION NUMBER | |
| Classification number | S |
| 100 ## - MAIN ENTRY--PERSONAL NAME | |
| Personal name | Stine, R. L. |
| 245 ## - TITLE STATEMENT | |
| Title | The rottenest angel / |
| Statement of responsibility, etc | by R.L. Stine ; illustrated by Trip Park |
| 250 ## - EDITION STATEMENT | |
| Edition statement | 1st ed. |
| 260 ## - PUBLICATION, DISTRIBUTION, ETC. (IMPRINT) | |
| Place of publication, distribution, etc | New York |
| Name of publisher, distributor, etc | HarperCollins |
| Date of publication, distribution, etc | c2007 |
| 270 ## - ADDRESS | |
| Address | 1350 Avenue of the Americas |
| City | New York |
| Postal code | NY 10019 |
| 300 ## - PHYSICAL DESCRIPTION | |
| Extent | 112, 4 p. : |
| Other physical details | ill., map |
| Dimensions | 22 cm.(Hb) |
| 490 ## - SERIES STATEMENT | |
| Series statement | Rotten School ; 10 |
| 500 ## - GENERAL NOTE | |
| General note | "A Parachute Press book." |
| 500 ## - GENERAL NOTE | |
| General note | Includes an excerpt from book #11, Punk'd and skunked. |
| 520 ## - SUMMARY, ETC. | |
| Summary, etc | Everyone at Rotten School loves new student Angel Goodeboy. But as Bernie Bridges discovers, when the teachers aren't watching, his new roommate is no angel. |
| 650 ## - SUBJECT ADDED ENTRY--TOPICAL TERM | |
| Topical term or geographic name as entry element | Boarding schools |
| Form subdivision | Juvenile fiction. |
| 650 ## - SUBJECT ADDED ENTRY--TOPICAL TERM | |
| Topical term or geographic name as entry element | Boarding school students |
| Form subdivision | Juvenile fiction. |
| 650 ## - SUBJECT ADDED ENTRY--TOPICAL TERM | |
| Topical term or geographic name as entry element | Schools |
| Form subdivision | Juvenile fiction. |
| 700 ## - ADDED ENTRY--PERSONAL NAME | |
| Personal name | Park, Trip |
| 800 ## - SERIES ADDED ENTRY--PERSONAL NAME | |
| Personal name | Stine, R. L. |
| Title of a work | Rotten School ; |
| Volume/sequential designation | 10. |
| 942 ## - ADDED ENTRY ELEMENTS (KOHA) | |
| Source of classification or shelving scheme | Dewey Decimal Classification |
| Item type | Children Books |
| Classification part | S |
| Call number suffix | STI |
| Withdrawn status | Lost status | Source of classification or shelving scheme | Damaged status | Not for loan | Collection code | Home library | Current library | Date acquired | Source of acquisition | Cost, normal purchase price | Total Checkouts | Total Renewals | Full call number | Barcode | Date last seen | Copy number | Cost, replacement price | Koha item type |
|---|---|---|---|---|---|---|---|---|---|---|---|---|---|---|---|---|---|---|
| Dewey Decimal Classification | Fiction | Bawana | Bawana | 14/05/2010 | Blueberry/5146/26.05.09/9/22.04.09/07.08.09 | 250.00 | S STI | B-336028 | 14/05/2010 | 1 | 250.00 | Children Books | ||||||
| Dewey Decimal Classification | Fiction | Central Library | Central Library | 14/05/2010 | Blueberry/5146/26.05.09/9/22.04.09/07.08.09 | 250.00 | 2 | S STI | B-336020 | 21/03/2024 | 1 | 250.00 | Children Books | |||||
| Dewey Decimal Classification | Fiction | Janak Puri | Janak Puri | 03/10/2009 | Blue Berry/5290/15.9.09/82/2.9.09/24.9.09 | 179.00 | 35 | 4 | S STI | B-358999 | 04/06/2024 | 1 | 179.00 | Children Books | ||||
| Dewey Decimal Classification | Fiction | Karol Bagh | Karol Bagh | 14/05/2010 | Blueberry/5146/26.05.09/9/22.04.09/07.08.09 | 250.00 | S STI | B-336026 | 14/05/2010 | 1 | 250.00 | Children Books | ||||||
| Dewey Decimal Classification | Fiction | Mobile Library | Mobile Library | 13/05/2010 | Blueberry/5146/26.05.09/9/22.04.09/07.08.09 | 250.00 | S STI | B-336017 | 13/05/2010 | 2 | 250.00 | Children Books | ||||||
| Dewey Decimal Classification | Fiction | Mobile Library | Mobile Library | 14/05/2010 | Blueberry/5146/26.05.09/9/22.04.09/07.08.09 | 250.00 | S STI | B-336018 | 14/05/2010 | 2 | 250.00 | Children Books | ||||||
| Dewey Decimal Classification | Fiction | Narela | Narela | 14/05/2010 | Blueberry/5146/26.05.09/9/22.04.09/07.08.09 | 250.00 | S STI | B-336027 | 14/05/2010 | 1 | 250.00 | Children Books | ||||||
| Dewey Decimal Classification | Fiction | New Police Line | New Police Line | 14/05/2010 | Blueberry/5146/26.05.09/9/22.04.09/07.08.09 | 250.00 | S STI | B-336019 | 14/05/2010 | 1 | 250.00 | Children Books | ||||||
| Dewey Decimal Classification | Fiction | Patel Nagar | Patel Nagar | 14/05/2010 | Blueberry/5146/26.05.09/9/22.04.09/07.08.09 | 250.00 | 1 | S STI | B-336021 | 05/04/2019 | 1 | 250.00 | Children Books | |||||
| Dewey Decimal Classification | Fiction | Peshwa Road | Peshwa Road | 14/05/2010 | Blueberry/5146/26.05.09/9/22.04.09/07.08.09 | 250.00 | 1 | S STI | B-336022 | 05/02/2022 | 1 | 250.00 | Children Books | |||||
| Dewey Decimal Classification | Fiction | Sarojini Nagar | Sarojini Nagar | 14/05/2010 | Blueberry/5146/26.05.09/9/22.04.09/07.08.09 | 250.00 | 1 | S STI | B-336023 | 18/12/2018 | 1 | 250.00 | Children Books | |||||
| Dewey Decimal Classification | Fiction | Sarojini Nagar | Sarojini Nagar | 14/05/2010 | Blueberry/5146/26.05.09/9/22.04.09/07.08.09 | 250.00 | 5 | 2 | S STI | B-336024 | 18/03/2026 | 1 | 250.00 | Children Books | ||||
| Dewey Decimal Classification | Fiction | Shahdara Branch | Shahdara Branch | 14/05/2010 | Blueberry/5146/26.05.09/9/22.04.09/07.08.09 | 250.00 | 4 | S STI | B-336029 | 30/06/2019 | 1 | 250.00 | Children Books | |||||
| Dewey Decimal Classification | Fiction | Vinoba Puri | Vinoba Puri | 14/05/2010 | Blueberry/5146/26.05.09/9/22.04.09/07.08.09 | 250.00 | 10 | S STI | B-336025 | 05/03/2016 | 1 | 250.00 | Children Books | |||||
| Dewey Decimal Classification | Fiction | Yojana Vihar | Yojana Vihar | 14/05/2010 | Blueberry/5146/26.05.09/9/22.04.09/07.08.09 | 250.00 | 2 | S STI | B-336030 | 08/06/2024 | 1 | 250.00 | Children Books |
